Microwave (Record no. 33474)

MARC details
000 -LEADER
fixed length control field 00381nam a22001457a 4500
005 - DATE AND TIME OF LATEST TRANSACTION
control field 20230908155038.0
008 - FIXED-LENGTH DATA ELEMENTS--GENERAL INFORMATION
fixed length control field 230908b |||||||| |||| 00| 0 eng d
082 ## - DEWEY DECIMAL CLASSIFICATION NUMBER
Classification number 641.354
Item number MIC
245 ## - TITLE STATEMENT
Title Microwave
Remainder of title Better Homes and Gardens Cooking For One Or Two
260 ## - PUBLICATION, DISTRIBUTION, ETC.
Name of publisher, distributor, etc. Meredith Press
300 ## - PHYSICAL DESCRIPTION
Pages 96
500 ## - GENERAL NOTE
General note Include Index
650 ## - SUBJECT ADDED ENTRY--TOPICAL TERM
Subject / Department Architecture/Nutrition
952 ## - LOCATION AND ITEM INFORMATION (KOHA)
-- 0
-- 0
Holdings
Lost status Damaged status Collection code Permanent Location Current Location Shelving Location Date acquired Full Call Number Accession No./Barcode Date last seen item type
    Architecture Superior Information Resource Center (SIRC) Superior University- Main Campus Superior Information Resource Center (SIRC) Superior University- Main Campus NUTRITION 09/08/2023 641.354 MIC 20367 09/08/2023 BOOK

Powered by Koha